Fundamental rules and the supplementary rules. V 2 (Record no. 44986)

MARC details
000 -LEADER
fixed length control field 00316nam a2200121Ia 4500
082 ## - DEWEY DECIMAL CLASSIFICATION NUMBER
Classification number 340
Item number CHA.2;2
100 ## - MAIN ENTRY--AUTHOR NAME
Personal name Chaudri, S Lakhi Singh
245 #0 - TITLE STATEMENT
Title Fundamental rules and the supplementary rules. V 2
250 ## - EDITION STATEMENT
Edition statement Ed.7
260 ## - PUBLICATION, DISTRIBUTION, ETC. (IMPRINT)
Place of publication Hoshiarpur
Year of publication 1978
942 ## - ADDED ENTRY ELEMENTS (KOHA)
Koha item type Books
Holdings
Withdrawn status Lost status Damaged status Not for loan Collection code Home library Current library Date acquired Cost, normal purchase price Full call number Accession Number Koha item type
        Out of station RRII Library RRII Library 16/12/2021 14.00 340 CHA.2;2 Z00102 Books